[Event "Êîìàíäíîå ïåð-âî ÐÔ 2012 ã. ïî êëàññè÷åñêèì øàõìàòàì "]
[Site "Ðûáèíñê"]
[Date "2012.08.09"]
[Round "8.101"]
[White "Ãîðáóøèí Ìàêñèì "]
[Black "Ìèõàéëîâ Âÿ÷åñëàâ "]
[Result "0-1"]
[WhiteElo "2200"]
[BlackElo "2325"]
[Annotator ""]
[Source ""]
[Remark ""]

1.c4 c5 2.g3 g6 3.Bg2 Nc6 4.Nc3 Bg7 5.e4 Nf6 6.Nge2 O-O 7.O-O
d6 8.d3 Rb8 9.h3 a6 10.Be3 b5 11.cxb5 axb5 12.d4 Nd7 13.Qd2 b4
14.Nd1 Ba6 15.dxc5 Nxc5 16.f4 Na5 17.Rf2 Nc4 18.Qc2 Nxe3 19.Nxe3
Bd3 20.Qd2 Bxe4 21.Rff1 Bxg2 22.Kxg2 Qd7 23.f5 Qb7+ 24.Kh2 Ne4
25.Qd5 Qxd5 26.Nxd5 Rb7 27.fxg6 hxg6 28.Kg2 e6 29.Ndf4 Bxb2 30.Rab1
Bg7 31.Rfd1 Ra8 32.Kf3 d5 33.Nd3 Rxa2 34.Rxb4 Rxb4 35.Nxb4 Rxe2
36.Kxe2 Nc3+ 37.Kd2 Nxd1 38.Kxd1 f5 39.Ke2 Kf7 40.g4 Kf6 41.Kf3
Bf8 42.Nc6 Bc5 43.Nb8 Bd6 44.Nd7+ Ke7 45.Nb6 Bc5 46.Na4 Bd4 47.g5
Kd7 48.h4 Kc6 49.Ke2 f4 50.Kd3 f3 51.h5 f2 52.Ke2 gxh5 53.g6
Kb5 0-1

[Event "Êîìàíäíîå ïåð-âî ÐÔ 2012 ã. ïî êëàññè÷åñêèì øàõìàòàì "]
[Site "Ðûáèíñê"]
[Date "2012.08.09"]
[Round "8.102"]
[White "Ìîðîçîâ Åãîð "]
[Black "Ïîâîëîöêèé Åâãåíèé "]
[Result "1/2-1/2"]
[WhiteElo "2116"]
[BlackElo "2049"]
[Annotator ""]
[Source ""]
[Remark ""]

1.d4 d5 2.g3 Nf6 3.b3 Bf5 4.Bg2 e6 5.Nf3 c5 6.O-O Be7 7.Bb2 Nc6
8.Nbd2 Rc8 9.c4 cxd4 10.Nxd4 Nxd4 11.Bxd4 O-O 12.cxd5 Bc2 13.Qe1
exd5 14.Nf3 Ne4 15.Qc1 Qa5 16.Qe3 Rfe8 17.Bh3 Rc7 18.Bxa7 Rc3
19.Qb6 Qxb6 20.Bxb6 Bf6 21.Bd4 Rxf3 22.exf3 Bxd4 23.fxe4 Bxa1
24.Rxa1 Bxe4 25.Rc1 Kf8 26.Rc7 Bf3 27.Rc8 Rxc8 28.Bxc8 d4 29.Kf1
Ke7 30.Ke1 Kd6 31.Kd2 b5 32.a4 Bd5 33.Kc2 Be4+ 34.Kd2 Bd5 35.Kc2
Be4+ 36.Kb2 Kc5 37.a5 b4 38.Ba6 d3 39.Kc1 Bd5 40.Bxd3 Bxb3 41.Kb2
Bd5 42.Bxh7 Kb5 43.h4 Bf3 44.Bg8 Bh5 45.g4 Bxg4 46.Bxf7 Kxa5 1/2-1/2

[Event "Êîìàíäíîå ïåð-âî ÐÔ 2012 ã. ïî êëàññè÷åñêèì øàõìàòàì "]
[Site "Ðûáèíñê"]
[Date "2012.08.09"]
[Round "8.103"]
[White "Ñîôüèí Ïàâåë "]
[Black "Ñåäûõ Åãîð "]
[Result "1-0"]
[WhiteElo "2071"]
[BlackElo "1847"]
[Annotator ""]
[Source ""]
[Remark ""]

1.e4 c5 2.f4 d6 3.Nf3 g6 4.Bc4 Bg7 5.d3 e6 6.c3 a6 7.a4 d5 8.Ba2
Nc6 9.O-O Nge7 10.e5 h5 11.Be3 b6 12.Nbd2 Nf5 13.Bf2 Bb7 14.d4
c4 15.b4 cxb3 16.Bxb3 O-O 17.Bc2 Nfe7 18.Ng5 Bh6 19.Ndf3 Nf5
20.h3 Nce7 21.g4 Ng7 22.Be3 hxg4 23.hxg4 f5 24.exf6 Rxf6 25.Qe1
Bxg5 26.Nxg5 Rc8 27.Bd2 Bc6 28.Qh4 b5 29.Rf2 Bd7 30.Rh2 b4 31.Qh8# 1-0

[Event "Êîìàíäíîå ïåð-âî ÐÔ 2012 ã. ïî êëàññè÷åñêèì øàõìàòàì "]
[Site "Ðûáèíñê"]
[Date "2012.08.09"]
[Round "8.111"]
[White "Ìàì÷åíêî Ñåðãåé "]
[Black "Íîæêèí Íèêèòà "]
[Result "0-1"]
[WhiteElo "1980"]
[BlackElo "2117"]
[Annotator ""]
[Source ""]
[Remark ""]

1.d4 Nf6 2.Nf3 e6 3.Bf4 b6 4.e3 Bb7 5.Nbd2 c5 6.c3 Be7 7.h3 O-O
8.Bd3 cxd4 9.exd4 d6 10.O-O Nbd7 11.Qe2 h6 12.a4 a6 13.Bh2 Qc7
14.Rfc1 Rfc8 15.c4 Qb8 16.a5 Qa7 17.b4 bxa5 18.bxa5 Re8 19.Bf4
e5 20.dxe5 dxe5 21.Be3 Bc5 22.Bc2 e4 23.Ne1 Rac8 24.Ba4 Re7 25.Rab1
Ne5 26.Rc3 Ba8 27.Bc2 Ng6 28.Nb3 Bxe3 29.Rxe3 Nf4 30.Qd1 Qc7
31.g3 Ne6 32.Nd2 Nc5 33.Ra1 Qe5 34.Ra2 Qd4 35.Nb3 Qd8 36.Qe2
Nxb3 37.Bxb3 Re5 38.Ng2 Rxa5 39.Nf4 Rxa2 40.Qxa2 Rc5 41.Re1 Qc8
42.Qa1 Nh5 43.Nxh5 Rxh5 44.h4 Rxh4 45.gxh4 Qg4+ 46.Kf1 Qh3+ 47.Kg1
e3 0-1

[Event "Êîìàíäíîå ïåð-âî ÐÔ 2012 ã. ïî êëàññè÷åñêèì øàõìàòàì "]
[Site "Ðûáèíñê"]
[Date "2012.08.09"]
[Round "8.112"]
[White "Êàðäàøåâñêèé Åâãåíèé "]
[Black "Êðàñîâñêèé Ñâÿòîñëàâ "]
[Result "1-0"]
[WhiteElo "2105"]
[BlackElo "1995"]
[Annotator ""]
[Source ""]
[Remark ""]

1.d4 Nf6 2.c4 e6 3.Nf3 b6 4.g3 Ba6 5.b3 b5 6.cxb5 Bxb5 7.Bg2
d5 8.O-O Be7 9.Bb2 O-O 10.Nc3 Ba6 11.Ne5 Nfd7 12.Nd3 c5 13.dxc5
Nxc5 14.Nb4 Bb7 15.Qd4 f6 16.Rac1 Qb6 17.Ncxd5 exd5 18.Nxd5 Ne6
19.Qg4 Qa6 20.Nxe7+ Kf7 21.Bxb7 Qxb7 22.Nf5 Qa6 23.Qh5+ Kg8 24.Ne7+ 1-0

[Event "Êîìàíäíîå ïåð-âî ÐÔ 2012 ã. ïî êëàññè÷åñêèì øàõìàòàì "]
[Site "Ðûáèíñê"]
[Date "2012.08.09"]
[Round "8.113"]
[White "Óôèìöåâ Åãîð "]
[Black "Ïîëÿíöåâ Ðàäæ "]
[Result "0-1"]
[WhiteElo "1911"]
[BlackElo "1951"]
[Annotator ""]
[Source ""]
[Remark ""]

1.e4 e6 2.Qe2 c5 3.Nf3 Nc6 4.g3 Nge7 5.Bg2 d5 6.d3 g6 7.O-O Bg7
8.c3 O-O 9.Na3 b6 10.Nc2 Ba6 11.Rd1 Rc8 12.Qe1 Qd7 13.Bh3 Rfd8
14.Bf4 Qb7 15.Rab1 dxe4 16.Qxe4 Na5 17.Bg5 Rc7 18.Bg2 h6 19.Bxe7
Rxe7 20.Qxb7 Bxb7 21.d4 Be4 22.Rbc1 Red7 23.Re1 Bxf3 24.Bxf3
cxd4 25.cxd4 Bxd4 26.b4 Nc4 27.Bc6 Rd6 28.b5 Bc5 29.Na1 Na5 30.Bf3
Rd2 31.Re2 Rd1+ 32.Re1 Rxe1+ 33.Rxe1 Rd2 34.Rf1 Rxa2 35.Be4 Bxf2+
36.Rxf2 Rxa1+ 37.Kg2 Rc1 38.Rd2 Rc7 39.h4 h5 40.Kh3 Kg7 41.Rd8
Kf6 42.Bf3 Ke7 43.Rd1 Rc5 44.Be2 Nb3 45.Rb1 Nd4 46.Bf1 e5 47.Rb2
Kd6 48.Rf2 f5 49.Rb2 Rc3 50.Ra2 f4 51.Rxa7 Rxg3+ 52.Kh2 Nf3+ 0-1

[Event "Êîìàíäíîå ïåð-âî ÐÔ 2012 ã. ïî êëàññè÷åñêèì øàõìàòàì "]
[Site "Ðûáèíñê"]
[Date "2012.08.09"]
[Round "8.114"]
[White "Àíóôðèåíêî Äàðüÿ "]
[Black "Ìåäâåäåâà Àííà "]
[Result "0-1"]
[WhiteElo "1985"]
[BlackElo "1988"]
[Annotator ""]
[Source ""]
[Remark ""]

1.e4 c5 2.c3 d5 3.exd5 Qxd5 4.Nf3 Nc6 5.d4 Bg4 6.dxc5 Qxd1+ 7.Kxd1
e6 8.Be3 Nge7 9.Nbd2 Nd5 10.Nb3 O-O-O 11.Bd2 Be7 12.Ke1 Bxf3
13.gxf3 Ne5 14.Be2 h6 15.f4 Nd7 16.Rg1 g5 17.fxg5 hxg5 18.Rh1
Nxc5 19.Nxc5 Bxc5 20.Bf3 Be7 21.Ke2 f5 22.h3 e5 23.Bg2 Kc7 24.f3
Rhg8 25.Rhg1 Bc5 26.Rgd1 Nf4+ 27.Bxf4 gxf4 28.Kf1 Be3 29.Rxd8
Rxd8 30.Re1 Kc6 31.Re2 Kd5 32.Ke1 e4 33.Kd1 Ke5+ 34.Kc2 Rg8 35.Kd1
Rg3 36.Bf1 Rxf3 37.Ke1 Rg3 38.h4 Rg6 39.h5 Rh6 40.Rh2 f3 41.Bb5
Bg5 42.Bd7 Kf4 43.Rh1 e3 44.Bc8 Rb6 45.b3 Rc6 46.Bxb7 Rxc3 47.Kd1
Kg3 48.Rg1+ Kf2 0-1

[Event "Êîìàíäíîå ïåð-âî ÐÔ 2012 ã. ïî êëàññè÷åñêèì øàõìàòàì "]
[Site "Ðûáèíñê"]
[Date "2012.08.09"]
[Round "8.121"]
[White "Àðáóçîâ Èâàí "]
[Black "Çóáêîâ Âñåâîëîä "]
[Result "1-0"]
[WhiteElo "2163"]
[BlackElo "1928"]
[Annotator ""]
[Source ""]
[Remark ""]

1.e4 c5 2.Nf3 d6 3.c3 Nf6 4.d3 g6 5.g3 Bg7 6.Bg2 O-O 7.O-O Nc6
8.Qe2 e5 9.a3 d5 10.Nbd2 d4 11.c4 Bh6 12.Nb3 Bxc1 13.Raxc1 Qd6
14.h3 Nd7 15.Nh4 Ne7 16.f4 f6 17.f5 g5 18.Nf3 Kg7 19.Ne1 Rh8
20.Bf3 b6 21.Nc2 Nc6 22.h4 h6 23.Kf2 Bb7 24.Rh1 Rag8 25.Rh3 Ndb8
26.Rch1 Bc8 27.Ke1 Bd7 28.Nd2 a5 29.Bg4 Be8 30.Qh2 Qf8 31.hxg5
h5 32.Bxh5 fxg5 33.Bxe8 Rxh3 34.Qxh3 Qxe8 35.Qh7+ Kf8 36.Rh6
Qf7 37.Qxf7+ Kxf7 38.Nf3 Kg7 39.Rg6+ Kf8 40.Rxg8+ Kxg8 41.Nxg5
Nd7 42.Kf2 a4 43.Ne1 b5 44.cxb5 Na7 45.Nef3 Nxb5 46.Nd2 Nd6 47.Ngf3
Kg7 48.g4 Nf7 49.g5 Nd6 50.Kg3 Kf7 51.Kf2 Kg7 52.Ke2 Kf7 53.Kd1
Kg7 54.Kc2 Kf7 55.b3 axb3+ 56.Kxb3 Kg7 57.Nc4 1-0

[Event "Êîìàíäíîå ïåð-âî ÐÔ 2012 ã. ïî êëàññè÷åñêèì øàõìàòàì "]
[Site "Ðûáèíñê"]
[Date "2012.08.09"]
[Round "8.122"]
[White "Ìåëüíèêîâ Ïåòð "]
[Black "Ñåðãèåíêî Àíòîí "]
[Result "0-1"]
[WhiteElo "1878"]
[BlackElo "2111"]
[Annotator ""]
[Source ""]
[Remark ""]

1.e4 c5 2.c3 Nf6 3.e5 Nd5 4.Nf3 Nc6 5.Bc4 e6 6.O-O d6 7.exd6
Qxd6 8.Na3 a6 9.d4 cxd4 10.Nxd4 Nxd4 11.Qxd4 Nf6 12.Nc2 Qxd4
13.Nxd4 Be7 14.Be3 O-O 15.h3 b5 16.Nc6 Bd6 17.Be2 Bb7 18.Bf3
Nd5 19.Bxd5 exd5 20.Nd4 g6 21.Rad1 Rfe8 22.Nb3 Rac8 23.a3 f5
24.Rfe1 Kf7 25.Bd4 Re4 26.Nd2 Rxe1+ 27.Rxe1 Re8 28.Rxe8 Kxe8
29.Kf1 a5 30.b4 a4 31.Ke2 Bc8 32.Nf3 h6 33.Be5 Be7 34.Kd3 Kf7
35.Kd4 Ke6 36.Bg7 Bg5 37.h4 Bc1 38.Kd3 Kf7 39.Bd4 Bxa3 40.Ne5+
Ke8 41.f4 Bc1 42.g3 a3 43.Kc2 a2 44.c4 Be3 45.Bc3 bxc4 46.Ba1
Be6 47.Nf3 Bf2 0-1

[Event "Êîìàíäíîå ïåð-âî ÐÔ 2012 ã. ïî êëàññè÷åñêèì øàõìàòàì "]
[Site "Ðûáèíñê"]
[Date "2012.08.09"]
[Round "8.124"]
[White "Âëàñîâà Äàðüÿ "]
[Black "Ìîêøàíîâà Åëèçàâåòà "]
[Result "1/2-1/2"]
[WhiteElo "1878"]
[BlackElo "1859"]
[Annotator ""]
[Source ""]
[Remark ""]

1.d4 Nf6 2.c4 g6 3.Nc3 Bg7 4.e4 d6 5.f3 O-O 6.Be3 c5 7.dxc5 dxc5
8.Qxd8 Rxd8 9.Bxc5 Nc6 10.Nge2 Nd7 11.Ba3 Nde5 12.Nf4 Nd4 13.O-O-O
Bh6 14.Ncd5 e6 15.Be7 exd5 16.Bxd8 Bxf4+ 17.Kb1 Ndc6 18.Bf6 dxe4
19.g3 Nd7 20.Bc3 Be5 21.Bh3 Bxc3 22.Bxd7 Bf6 23.fxe4 Ne5 24.Bxc8
Rxc8 25.b3 Rc6 26.Rd5 Kg7 27.h3 Re6 28.Rf1 Nc6 29.Re1 Ne5 30.Rf1
Nc6 31.Re1 Ne5 32.Rf1 Nc6 1/2-1/2

[Event "Êîìàíäíîå ïåð-âî ÐÔ 2012 ã. ïî êëàññè÷åñêèì øàõìàòàì "]
[Site "Ðûáèíñê"]
[Date "2012.08.09"]
[Round "8.131"]
[White "Àôàíàñüåâ Äìèòðèé "]
[Black "Êóðçþêîâ Àíäðåé "]
[Result "1/2-1/2"]
[WhiteElo "2102"]
[BlackElo "2191"]
[Annotator ""]
[Source ""]
[Remark ""]

1.d4 d5 2.c4 c6 3.Nc3 Nf6 4.Nf3 dxc4 5.a4 Bf5 6.e3 e6 7.Bxc4
Bb4 8.O-O Nbd7 9.Qe2 Bg6 10.e4 O-O 11.Bd3 h6 12.h3 Qe7 13.a5
a6 14.e5 Nd5 15.Nxd5 cxd5 16.Bxg6 fxg6 17.Qd3 g5 18.Ra4 Nb8 19.Qg6
Nc6 20.Bxg5 Qf7 21.Qxf7+ Rxf7 22.Bd2 Rxf3 23.Bxb4 Rb3 24.Bc3
Rf8 25.f4 Rf7 26.Rf2 g6 27.g4 Na7 28.Rb4 Rxb4 29.Bxb4 Nc6 30.Bc3
Na7 31.Bb4 Nc6 32.Bc3 Na7 33.Bb4 Nc6 1/2-1/2

[Event "Êîìàíäíîå ïåð-âî ÐÔ 2012 ã. ïî êëàññè÷åñêèì øàõìàòàì "]
[Site "Ðûáèíñê"]
[Date "2012.08.09"]
[Round "8.132"]
[White "Ãëàäêîâ Äìèòðèé "]
[Black "Ðîòìèñòðîâ Àëåêñàíäð "]
[Result "1-0"]
[WhiteElo "1989"]
[BlackElo "1933"]
[Annotator ""]
[Source ""]
[Remark ""]

1.e4 c5 2.c3 Nf6 3.e5 Nd5 4.d4 Nc6 5.Nf3 cxd4 6.Bc4 Nb6 7.Bb3
d6 8.exd6 Qxd6 9.O-O Be6 10.Na3 Bxb3 11.Qxb3 e6 12.Nb5 Qd8 13.Rd1
Be7 14.Nfxd4 Nxd4 15.Rxd4 Qb8 16.Bf4 e5 17.Bg3 O-O 18.Re1 Bf6
19.Rde4 a6 20.Nd4 Nd7 21.Qd5 Nb6 22.Qa5 Nc4 23.Qb4 Qc8 24.Nf3
b5 25.Bxe5 Bxe5 26.Nxe5 a5 27.Qe7 Nxe5 28.Rxe5 Qc4 29.a3 Qb3
30.Qb7 1-0

[Event "Êîìàíäíîå ïåð-âî ÐÔ 2012 ã. ïî êëàññè÷åñêèì øàõìàòàì "]
[Site "Ðûáèíñê"]
[Date "2012.08.09"]
[Round "8.133"]
[White "Ïîãîñÿí Àâåòèê "]
[Black "Äèëìóõàìåòîâ Àðòóð "]
[Result "0-1"]
[WhiteElo "1802"]
[BlackElo "2078"]
[Annotator ""]
[Source ""]
[Remark ""]

1.d4 Nf6 2.c4 c5 3.d5 e6 4.Nc3 exd5 5.cxd5 d6 6.Bf4 g6 7.Nf3
Bg7 8.e3 O-O 9.Be2 h6 10.h3 a6 11.a4 Qe7 12.O-O Nbd7 13.Nd2 Ne5
14.Rc1 Rd8 15.Bh2 g5 16.Re1 Rb8 17.f4 Ng6 18.Bd3 b5 19.Bxg6 fxg6
20.fxg5 hxg5 21.e4 Nh5 22.axb5 axb5 23.Nf3 g4 24.hxg4 Bxg4 25.Qd3
Bxf3 26.Qxf3 Bd4+ 27.Kh1 Kg7 28.Rcd1 Rh8 29.e5 Qh4 30.Ne2 Bxe5
31.Qh3 Nf6 32.Qxh4 Rxh4 33.g3 Rh5 34.Kg2 Ra8 35.Nf4 Rhh8 36.Ne6+
Kf7 37.Bg1 Ra2 38.Re2 Rxb2 39.Rxb2 Bxb2 40.Rb1 Be5 41.Rxb5 Nxd5
42.Ng5+ Kf6 43.Ne4+ Kf5 44.Nd2 Ra8 45.Nc4 Ra2+ 46.Kh3 Nc3 47.Rb6
Ne4 48.g4+ Ke6 49.Rb8 Ng5+ 50.Kh4 Nf3+ 0-1

[Event "Êîìàíäíîå ïåð-âî ÐÔ 2012 ã. ïî êëàññè÷åñêèì øàõìàòàì "]
[Site "Ðûáèíñê"]
[Date "2012.08.09"]
[Round "8.141"]
[White "Ïîëîñèí Åâãåíèé "]
[Black "Êèòàåâ Èëüÿ "]
[Result "0-1"]
[WhiteElo "2065"]
[BlackElo "1947"]
[Annotator ""]
[Source ""]
[Remark ""]

1.Nc3 d5 2.d4 Nf6 3.Nf3 Bf5 4.Bf4 e6 5.e3 c6 6.Be2 Nbd7 7.Ne5
Nxe5 8.Bxe5 Bd6 9.g4 Bg6 10.h4 h6 11.f4 Ne4 12.Nxe4 Bxe4 13.Bf3
Be7 14.Bxe4 dxe4 15.f5 Bxh4+ 16.Kd2 Bf6 17.Bxf6 Qxf6 18.Qe2 O-O-O
19.fxe6 Qxe6 20.c4 Rhf8 21.Raf1 f5 22.gxf5 Rxf5 23.Rxf5 Qxf5
24.Rh5 Qe6 25.Re5 Qxe5 26.Kc3 Qf5 27.Qg2 g5 28.b4 Qf3 29.Qg1
g4 30.b5 cxb5 31.cxb5 g3 32.Kb4 g2 33.Qh2 Qxe3 34.d5 g1R 35.b6
Rb1+ 0-1

[Event "Êîìàíäíîå ïåð-âî ÐÔ 2012 ã. ïî êëàññè÷åñêèì øàõìàòàì "]
[Site "Ðûáèíñê"]
[Date "2012.08.09"]
[Round "8.142"]
[White "Âàñèëüåâ Àðêàäèé "]
[Black "Õàæèïîâ Òèìóð "]
[Result "1/2-1/2"]
[WhiteElo "1908"]
[BlackElo "2107"]
[Annotator ""]
[Source ""]
[Remark ""]

1.e4 c5 2.Ne2 Nc6 3.Nbc3 g6 4.d4 cxd4 5.Nxd4 Bg7 6.Nb3 Nf6 7.Be3
d6 8.Be2 O-O 9.O-O Bd7 10.f4 a6 11.Bf3 Qc7 12.Kh1 b5 13.Nd5 Nxd5
14.exd5 Na5 15.Bd4 Nxb3 16.cxb3 Bxd4 17.Qxd4 Rac8 18.Rae1 e6
19.dxe6 Bxe6 20.Rd1 Qa5 21.Bd5 Bxd5 22.Qxd5 Qxa2 23.Rf2 Rfe8
24.f5 Rc5 25.Qd3 Rce5 26.fxg6 hxg6 27.Rdf1 Re3 {%07-2075910796}
28.Qxd6 Qxb3 29.Qxa6 Re1 30.Qf6 Rxf1+ 31.Rxf1 Qc4 32.h3 Re2 33.Rd1
Re8 34.Rd7 b4 35.Kh2 b3 36.Kh1 Re1+ 37.Kh2 Re8 38.Kh1 Re1+ 39.Kh2
Re8 40.Kh1 Re1+ 41.Kh2 Re8 1/2-1/2

[Event "Êîìàíäíîå ïåð-âî ÐÔ 2012 ã. ïî êëàññè÷åñêèì øàõìàòàì "]
[Site "Ðûáèíñê"]
[Date "2012.08.09"]
[Round "8.143"]
[White "Ïàíîâ Ìàêñèì "]
[Black "Ãèíîñÿí Ðàçìèê "]
[Result "1-0"]
[WhiteElo "2091"]
[BlackElo "1976"]
[Annotator ""]
[Source ""]
[Remark ""]

1.c4 b6 2.Nf3 Bb7 3.g3 Bxf3 4.exf3 e6 5.Bg2 Nf6 6.O-O Be7 7.d4
d5 8.f4 c6 9.b3 O-O 10.Be3 Nbd7 11.Nc3 Bb4 12.Rc1 Rc8 13.f5 Bxc3
14.fxe6 Bb4 15.exd7 Qxd7 16.Qd3 Rfe8 17.Rc2 Ne4 18.f3 Nd6 19.cxd5
cxd5 20.Rfc1 Rxc2 21.Rxc2 Qe6 22.Bf2 g6 23.Bf1 Qd7 24.Qd1 Nb5
25.Qc1 Ba3 26.Bxb5 Qxb5 27.Qxa3 Qd3 28.Qc1 Qxf3 29.Rc8 Rxc8 30.Qxc8+
Kg7 31.Qe8 Qd3 32.Qe5+ Kg8 33.Qxd5 Qb1+ 34.Kg2 Qxa2 35.h4 a5
36.Qd8+ Kg7 37.Qxb6 1-0

[Event "Êîìàíäíîå ïåð-âî ÐÔ 2012 ã. ïî êëàññè÷åñêèì øàõìàòàì "]
[Site "Ðûáèíñê"]
[Date "2012.08.09"]
[Round "8.144"]
[White "Ìèêàèëîâà Ìèëàíà "]
[Black "Õàôèçîâà ßíà "]
[Result "0-1"]
[WhiteElo "1753"]
[BlackElo "1920"]
[Annotator ""]
[Source ""]
[Remark ""]

1.e4 e5 2.Nf3 Nc6 3.d4 exd4 4.Nxd4 Bc5 5.Nxc6 Qf6 6.Qf3 Qxc6
7.Bd3 Ne7 8.O-O Ng6 9.Bf4 O-O 10.Qg3 d6 11.Nd2 Be6 12.Nf3 Rae8
13.Bd2 a6 14.Ng5 b5 15.a3 Bd7 16.Bc3 f6 17.Nf3 Be6 18.Nd4 Qb6
19.Nxe6 Rxe6 20.Rad1 Qc6 21.Kh1 Ne5 22.f3 Bb6 23.Bxe5 fxe5 24.Qe1
Qe8 25.c4 c6 26.a4 Rh6 27.h3 Qd7 28.Qg3 Rg6 29.Qe1 Rh6 30.Qg3
Rf4 31.Kh2 Rfh4 32.cxb5 axb5 33.axb5 Be3 34.Bc4+ Kf8 35.bxc6
Qc8 36.f4 Bxf4 37.Kg1 Qxc6 38.Bd5 Qb5 39.Rc1 Qb6+ 40.Kh1 Qd8
41.Qa3 Qd7 42.Qa8+ Ke7 43.Qb7 Qxb7 44.Bxb7 Bxc1 45.Rxc1 Rf4 46.Rc2
Rhf6 47.b4 Rf2 48.Rc7+ Kf8 49.b5 Rb2 50.Bc6 Rff2 51.Rd7 Rfd2
52.Rd8+ Ke7 53.Rd7+ Kf6 54.Bd5 Rxg2 55.Rxd6+ Kg5 56.Bc6 0-1

[Event "Êîìàíäíîå ïåð-âî ÐÔ 2012 ã. ïî êëàññè÷åñêèì øàõìàòàì "]
[Site "Ðûáèíñê"]
[Date "2012.08.09"]
[Round "8.151"]
[White "Êðîëü Äìèòðèé "]
[Black "Ãåíêåëü Äìèòðèé "]
[Result "0-1"]
[WhiteElo "1790"]
[BlackElo "1941"]
[Annotator ""]
[Source ""]
[Remark ""]

1.e4 c5 2.Nf3 d6 3.d4 cxd4 4.Nxd4 Nf6 5.Nc3 a6 6.Be2 e5 7.Nb3
Be6 8.Bg5 Be7 9.Qd2 Nbd7 10.O-O Rc8 11.Rad1 Qc7 12.Rfe1 b5 13.a3
O-O 14.f4 Qa7+ 15.Kh1 Rxc3 16.Qxc3 Nxe4 17.Qf3 Nf2+ 18.Kg1 Nxd1+
19.Kf1 Ne3+ 20.Kg1 Bxg5 0-1

[Event "Êîìàíäíîå ïåð-âî ÐÔ 2012 ã. ïî êëàññè÷åñêèì øàõìàòàì "]
[Site "Ðûáèíñê"]
[Date "2012.08.09"]
[Round "8.152"]
[White "Ðèâîíåíêî Âëàäèñëàâ "]
[Black "Äóãèí Àíäðåé "]
[Result "1-0"]
[WhiteElo "1992"]
[BlackElo "1793"]
[Annotator ""]
[Source ""]
[Remark ""]

1.e4 c5 2.Nf3 Nc6 3.Bb5 Nd4 4.Nxd4 cxd4 5.O-O g6 6.c3 Bg7 7.Qa4
Qb6 8.d3 a6 9.Bc4 e6 10.cxd4 Bxd4 11.Nc3 h5 12.Nb5 Bg7 13.Bd2
Ne7 14.Be3 Qc6 15.Rac1 b6 16.Bd5 axb5 17.Qxa8 exd5 18.Rxc6 1-0

[Event "Êîìàíäíîå ïåð-âî ÐÔ 2012 ã. ïî êëàññè÷åñêèì øàõìàòàì "]
[Site "Ðûáèíñê"]
[Date "2012.08.09"]
[Round "8.153"]
[White "×èñòÿêîâà Äàðüÿ "]
[Black "Ãàëèøíèêîâ Þðèé "]
[Result "0-1"]
[WhiteElo "1643"]
[BlackElo "1889"]
[Annotator ""]
[Source ""]
[Remark ""]

1.e4 e6 2.d4 d5 3.e5 c5 4.c3 Qb6 5.Nf3 Nc6 6.Be2 Nh6 7.Na3 cxd4
8.cxd4 Bb4+ 9.Bd2 Nxd4 10.O-O Nxe2+ 11.Qxe2 Bxa3 12.bxa3 Nf5
13.Rab1 Qd8 14.Bb4 Bd7 15.Qd2 Bb5 16.Rfc1 Bc4 17.Qc2 a5 18.Bc5
Qc8 19.Bb6 O-O 20.Nd2 Qb8 21.Nxc4 dxc4 22.Qe4 Rc8 23.f4 c3 24.Qd3
Ne7 25.Rxc3 Nd5 26.Rxc8+ Qxc8 27.Qd4 Qc2 28.Rd1 h6 29.Bc5 Nc3 0-1

[Event "Êîìàíäíîå ïåð-âî ÐÔ 2012 ã. ïî êëàññè÷åñêèì øàõìàòàì "]
[Site "Ðûáèíñê"]
[Date "2012.08.09"]
[Round "8.154"]
[White "Ïðàíèçèíà Àëèíà "]
[Black "Áîðèñîâà Ïîëèíà "]
[Result "1-0"]
[WhiteElo "1646"]
[BlackElo "1561"]
[Annotator ""]
[Source ""]
[Remark ""]

1.e4 e5 2.Nf3 Nc6 3.Bb5 f5 4.O-O fxe4 5.Bxc6 dxc6 6.Nxe5 Nf6
7.d4 Bd6 8.Bg5 Bf5 9.Nc3 Qe7 10.Re1 O-O-O 11.Qe2 Rhe8 12.Nc4
Bxh2+ 13.Kxh2 Rxd4 14.Kg1 h6 15.Be3 Bg4 16.Qf1 Rd7 17.Bf4 Qc5
18.Ne3 Bh5 19.Qc4 Qf8 20.Bg3 Bg6 21.Rad1 Rxd1 22.Rxd1 Nh5 23.Bh2
Kb8 24.Qd4 Rc8 25.Nxe4 Bxe4 26.Qxe4 g5 27.Bg3 Nxg3 28.fxg3 Qg7
29.Qd4 Qf7 30.a4 Rf8 31.Qd8+ 1-0

[Event "Êîìàíäíîå ïåð-âî ÐÔ 2012 ã. ïî êëàññè÷åñêèì øàõìàòàì "]
[Site "Ðûáèíñê"]
[Date "2012.08.09"]
[Round "8.161"]
[White "Ìàëûøåâ Ãðèãîðèé "]
[Black "Ñïèðèäîíîâ Åâãåíèé "]
[Result "0-1"]
[WhiteElo "2003"]
[BlackElo "1911"]
[Annotator ""]
[Source ""]
[Remark ""]

1.Nf3 Nf6 2.d4 e6 3.Bf4 d5 4.e3 Bd6 5.Ne5 O-O 6.Bd3 c5 7.c3 c4
8.Bc2 b5 9.a3 a5 10.Qf3 Ra7 11.g4 Bb7 12.Nd2 Qc7 13.Qh3 Ne4 14.g5
g6 15.Nf1 Nc6 16.Bxe4 Bxe5 17.Bxe5 Nxe5 18.Bc2 Nd3+ 19.Bxd3 cxd3
20.Nd2 Rfa8 21.O-O b4 22.Rfc1 Qb6 23.Nf3 bxa3 24.bxa3 Qb2 25.Ne5
Ba6 26.Qh6 d2 27.Rcb1 Qxc3 28.Ng4 f5 29.gxf6 Bd3 30.Qf4 Bxb1
31.f7+ Rxf7 32.Nh6+ Kg7 33.Qxf7+ Kxh6 34.Qf4+ Kg7 35.Qe5+ Kf7
36.Qf4+ Kg8 37.Qg4 Bf5 38.Qd1 Bc2 39.Qf1 Qxa1 0-1

[Event "Êîìàíäíîå ïåð-âî ÐÔ 2012 ã. ïî êëàññè÷åñêèì øàõìàòàì "]
[Site "Ðûáèíñê"]
[Date "2012.08.09"]
[Round "8.162"]
[White "Äîðîíèí Àíäðåé "]
[Black "Àãàôîíöåâà Ñîôüÿ "]
[Result "0-1"]
[WhiteElo "1747"]
[BlackElo "1618"]
[Annotator ""]
[Source ""]
[Remark ""]

1.e4 c5 2.Nf3 Nc6 3.d4 cxd4 4.Nxd4 Nf6 5.Nc3 d6 6.Bg5 e6 7.Bb5
Bd7 8.Bxc6 Bxc6 9.Nxc6 bxc6 10.Bxf6 Qxf6 11.O-O Be7 12.Re1 O-O
13.Qe2 e5 14.Rad1 Qg6 15.Rd3 f5 16.Rg3 Qe6 17.exf5 Rxf5 18.Qg4
Qf7 19.Qa4 Rxf2 20.Qxc6 Rf8 21.Rf3 Rxf3 22.Qxf3 Qxf3 23.gxf3
Rxf3 24.Kg2 Rf5 25.Re4 a5 26.Nd5 Bd8 27.c3 Kf7 28.a4 Ke6 29.c4
Rf7 30.b3 g5 31.h3 h5 32.Re3 g4 33.hxg4 hxg4 34.Rg3 Rb7 35.Rc3
Bh4 36.Ne3 g3 37.Nf1 Rf7 38.Nxg3 Rg7 39.Kh3 Bxg3 40.Rxg3 Rxg3+
41.Kxg3 Kd7 42.Kf3 Kc6 43.Ke3 Kc5 44.Kd3 Kb4 45.Kc2 e4 46.Kb2
e3 47.Kc2 e2 48.Kd2 Kxb3 49.Kxe2 Kxc4 50.Kd2 d5 51.Kc2 d4 52.Kd2
Kb4 53.Kd3 Kxa4 54.Kxd4 Kb3 0-1

[Event "Êîìàíäíîå ïåð-âî ÐÔ 2012 ã. ïî êëàññè÷åñêèì øàõìàòàì "]
[Site "Ðûáèíñê"]
[Date "2012.08.10"]
[Round "9.11"]
[White "Àëåêñååíêî Êèðèëë"]
[Black "Åëèñååâ Þðèé"]
[Result "0-1"]
[WhiteElo "2430"]
[BlackElo "2480"]
[Annotator ""]
[Source ""]
[Remark ""]

1.e4 c5 2.Nf3 d6 3.d4 cxd4 4.Nxd4 Nf6 5.Nc3 a6 6.Be2 e5 7.Nb3
Be7 8.O-O O-O 9.Kh1 b5 10.a4 b4 11.Nd5 Nxd5 12.Qxd5 Ra7 13.Be3
Be6 14.Qd2 Rd7 15.a5 d5 16.Bc5 dxe4 17.Qxb4 Bxc5 18.Nxc5 Qe7
19.Nxa6 Qd8 20.Qxe4 Bd5 21.Qa4 Nxa6 22.Bxa6 Bxg2+ 23.Kxg2 Qa8+
24.f3 Rd2+ 25.Rf2 Rxf2+ 26.Kxf2 Qa7+ 27.Kg2 Qxa6 28.Qe4 f6 29.Qd3
Qa7 30.b4 f5 31.Qd5+ Kh8 32.Qxe5 Qd7 33.Qe2 Qd4 34.Rb1 g5 35.Qd3
Qe5 36.Rd1 Rc8 37.c4 Qb2+ 38.Rd2 0-1

[Event "Êîìàíäíîå ïåð-âî ÐÔ 2012 ã. ïî êëàññè÷åñêèì øàõìàòàì "]
[Site "Ðûáèíñê"]
[Date "2012.08.10"]
[Round "9.12"]
[White "Âàâóëèí Ìàêñèì"]
[Black "Óñìàíîâ Âàñèëèé"]
[Result "0-1"]
[WhiteElo "2292"]
[BlackElo "2333"]
[Annotator ""]
[Source ""]
[Remark ""]

1.e4 c5 2.Nf3 Nc6 3.d4 cxd4 4.Nxd4 Nf6 5.Nc3 d6 6.Bc4 e6 7.Be3
a6 8.Qe2 Na5 9.Bb3 Qc7 10.O-O-O b5 11.Kb1 Be7 12.f3 Nxb3 13.cxb3
b4 14.Na4 Bd7 15.Rc1 Qb7 16.Nb6 Qxb6 17.Nxe6 Qb7 18.Nxg7+ Kd8
19.Qf2 Rb8 20.Ba7 Rg8 21.Bxb8 Qxb8 22.Nf5 Bxf5 23.exf5 Nd7 24.Rhe1
d5 25.Rc6 Qb7 26.Rec1 Bf6 27.Qc2 Bc3 28.Rh6 Be5 29.Rxh7 Bf4 30.Rd1
Nf6 31.Rh4 Be3 32.Qd3 Qb6 33.g3 Re8 34.Rc4 d4 35.Re1 Nd5 36.Qc2
Kd7 37.h4 Qd6 38.g4 Nb6 39.Rd1 Nxc4 40.Qxc4 Ke7 41.g5 Kf8 42.f6
Kg8 43.Rf1 a5 44.f4 Rd8 45.Qd3 Rc8 46.g6 Qxf6 47.gxf7+ Qxf7 48.f5
Qc7 49.a3 bxa3 50.bxa3 Qc3 51.Qb5 Qc2+ 52.Ka1 Qc5 53.Qa6 Qc3+
54.Kb1 Qxb3+ 55.Ka1 Qxa3+ 56.Kb1 Rb8+ 0-1

[Event "Êîìàíäíîå ïåð-âî ÐÔ 2012 ã. ïî êëàññè÷åñêèì øàõìàòàì "]
[Site "Ðûáèíñê"]
[Date "2012.08.10"]
[Round "9.13"]
[White "Ïàëü÷óí Ãðèãîðèé"]
[Black "Ñàâåíêîâ Êîíñòàíòèí"]
[Result "0-1"]
[WhiteElo "1189"]
[BlackElo "2162"]
[Annotator ""]
[Source ""]
[Remark ""]

1.e4 e6 2.d4 d5 3.e5 c5 4.c3 Nc6 5.Nf3 Bd7 6.a3 f6 7.b4 fxe5
8.b5 Nxd4 9.Nxe5 Nf5 10.Qh5+ g6 11.Nxg6 Nf6 12.Qh3 Rg8 13.Nxf8
Rxf8 14.Bd3 Qe7 15.O-O Nd6 16.Bg5 O-O-O 17.Qe3 Nxb5 18.Qe5 Nc7
19.c4 Qf7 20.Nc3 Rde8 21.Bh4 Nh5 22.Ne2 Bc6 23.Rac1 h6 24.f3
b6 25.Qd6 Bb7 26.Rfe1 Rg8 27.Ng3 Nf4 28.Bc2 dxc4 29.Be4 Bxe4
30.Rxe4 Ng6 31.Rexc4 Nxh4 32.Rxh4 Rd8 33.Qc6 Qe7 34.Ra4 Kb8 35.Ne4
Rd5 36.Rb1 Rgd8 37.Rxa7 Rd1+ 38.Kf2 Qh4+ 39.g3 Qxh2+ 40.Ke3 Nd5+ 0-1

[Event "Êîìàíäíîå ïåð-âî ÐÔ 2012 ã. ïî êëàññè÷åñêèì øàõìàòàì "]
[Site "Ðûáèíñê"]
[Date "2012.08.10"]
[Round "9.14"]
[White "Ñåâåðèíà Ìàðèÿ"]
[Black "Àíäðååâà Þëèÿ"]
[Result "1-0"]
[WhiteElo "2158"]
[BlackElo "1928"]
[Annotator ""]
[Source ""]
[Remark ""]

1.d4 d5 2.c4 e6 3.Nc3 c6 4.e3 f5 5.Bd3 Nh6 6.Nge2 Bd6 7.Qc2 O-O
8.Bd2 Kh8 9.h3 Na6 10.a3 Nc7 11.O-O dxc4 12.Bxc4 e5 13.dxe5 Bxe5
14.Rad1 Qh4 15.Bd3 Ne6 16.Na4 Ng5 17.Qc5 Re8 18.f4 Nxh3+ 19.gxh3
Qxh3 20.Rf2 Ng4 21.Rg2 Bd7 22.fxe5 Nxe5 23.Nf4 Qh6 24.Bc3 b6
25.Qxe5 Rxe5 26.Bxe5 Re8 27.Bxg7+ Qxg7 28.Rxg7 Kxg7 29.Kf2 Kf6
30.Nc3 Rh8 31.Be2 Ke7 32.Rh1 Kf6 33.Rh6+ Kf7 34.Bc4+ 1-0

[Event "Êîìàíäíîå ïåð-âî ÐÔ 2012 ã. ïî êëàññè÷åñêèì øàõìàòàì "]
[Site "Ðûáèíñê"]
[Date "2012.08.10"]
[Round "9.21"]
[White "Þôôà Äàíèèë"]
[Black "Þäèí Èâàí"]
[Result "1-0"]
[WhiteElo "2354"]
[BlackElo "2268"]
[Annotator ""]
[Source ""]
[Remark ""]

1.c4 c5 2.g3 Nc6 3.Bg2 g6 4.Nc3 Bg7 5.e3 Nh6 6.Nge2 Nf5 7.O-O
O-O 8.b3 a6 9.Bb2 Rb8 10.d3 b5 11.Qd2 e6 12.Ne4 Qe7 13.Bxg7 Nxg7
14.cxb5 Rxb5 15.Qc3 f5 16.a4 Rb6 17.Nxc5 a5 18.d4 Nb4 19.Rfc1
d6 20.Nd3 Nxd3 21.Qxd3 Ba6 22.Qd1 Rfb8 23.Rab1 Ne8 24.Bf1 Qb7
25.Nc3 Bxf1 26.Qxf1 Nc7 27.Qc4 Rb4 28.Qd3 Ra8 29.Qc2 Rb6 30.Ne4
Nd5 31.Nd2 Nb4 32.Qc7 1-0